000 01533nam0a2200325 4500
001 RU\NLR\bibl\476904
005 20260406110531.0
010 _a5-7568-0421-8
_9200
021 _aRU
_b2003-57495
_92810
035 _a(NLR Aleph) 000469894
090 _a986961
_c986961
100 _a20031229d2003 |||y0rusy50 ca
101 0 _arus
102 _aRU
105 _aa |||||||||
200 1 _aРеформирование промышленности: проблемы и решения
_eМежрегион. науч.-практ. конф., Барнаул, 22-23 мая 2003 г.
_eСб. науч. докл.
_f[Под ред. д.э.н., проф. В.А. Бородина]
210 _aБарнаул
_cИзд-во АлтГТУ
_d2003
215 _a214 с.
_cил.
_d21
300 _aВ надзаг.: Администрация Алт. края, Алт. гос. техн. ун-т им. И.И. Ползунова, Союз товаропроизводителей Сиб. федер. округа и др.
320 _aБиблиогр. в конце ст.
606 0 _aПромышленность
_jСъезды, совещания и т.п.
_xРеформирование
_92235466
_3RU\NLR\auth\661341606
686 _aУ30(2)-183(2Р)я431
702 1 _aБородин
_bВ. А.
_4340
712 0 1 _4570
_aАлтайский край
_bАдминистрация
_9283149
_3RU\NLR\AUTH\885730
801 0 _aRU
_bNLR
_c20031229
_gPSBO
801 1 _aRU
_bNLR
_c20031229
942 _cBOOK
980 _aNB
980 _aNBR